000 00564nam a2200181 i 4500
001 42166
003 ES-MaACL
005 20250814063211.0
007 t|
008 030312s1966 sp ||||1| spa d
100 1 _aCastilla del Pino, Carlos,
_d1922-2009
_936651
245 1 0 _aUn estudio sobre la depresión
_b: fundamentos de antropología dialéctica /
_cCarlos Castilla del Pino.
250 _a1ª ed.
260 _aMadrid :
_bPenínsula,
_c[1966]
300 _a444 p. ;
_c21 cm.
852 _aES-MaACL
_jC-31804
_bR.61352
999 _c42166
_d42166